[Event "21st Abu Dhabi Masters 2014"]
[Site "Abu Dhabi UAE"]
[Date "2014.08.24"]
[Round "5.35"]
[White "Ayyad, Maher"]
[Black "Faraj, Yahya"]
[Result "1/2-1/2"]
[WhiteTitle "FM"]
[BlackTitle "FM"]
[WhiteElo "2147"]
[BlackElo "2247"]
[WhiteFideId "11200235"]
[BlackFideId "9400184"]
[EventDate "2014.08.20"]

1. d4 f5 2. e4 fxe4 3. Nc3 Nf6 4. Bg5 c6 5. Bxf6 exf6 6. Nxe4 d5 7. Ng3 Qb6 8.
Qe2+ Kf7 9. O-O-O Be7 10. c3 Qa5 11. Kb1 b5 12. Qc2 b4 13. c4 b3 14. Qxb3 Na6
15. Qc3 Bb4 16. Qc2 Rb8 17. Bd3 Ba3 18. b3 Nb4 19. Qd2 Qc7 20. c5 a5 21. Nh3 a4
22. Qf4 Qxf4 23. Nxf4 Nxd3 24. Rxd3 Re8 25. Kc2 Re7 26. Rdd1 Reb7 27. Rb1 g6 28.
Nfe2 h5 29. h4 Rb4 30. Kc3 Ba6 31. Rhe1 1/2-1/2

[Event "21st Abu Dhabi Masters 2014"]
[Site "Abu Dhabi UAE"]
[Date "2014.08.24"]
[Round "5.36"]
[White "Hakimifard, Ghazal"]
[Black "Ayyad, Husain"]
[Result "1/2-1/2"]
[WhiteTitle "WIM"]
[BlackTitle "FM"]
[WhiteElo "2232"]
[BlackElo "2146"]
[WhiteFideId "12506540"]
[BlackFideId "11200243"]
[EventDate "2014.08.20"]

1. e4 e5 2. Nf3 Nc6 3. Bb5 a6 4. Ba4 Nf6 5. O-O b5 6. Bb3 Bc5 7. c3 d6 8. a4 Rb8
9. Re1 O-O 10. d4 Bb6 11. axb5 axb5 12. Na3 Bg4 13. Nxb5 exd4 14. Nbxd4 Nxd4 15.
cxd4 Bxf3 16. gxf3 Nh5 17. Bc4 Qf6 18. Be3 Nf4 19. Kh1 Ne6 20. e5 dxe5 21. dxe5
Qh4 22. b3 Rbd8 23. Qe2 Nd4 24. Bxd4 Bxd4 25. Ra2 Rfe8 26. Qe4 Qxe4 27. Rxe4 Bb6
28. Kg2 g6 29. f4 Kg7 30. Kf3 Re7 1/2-1/2

[Event "21st Abu Dhabi Masters 2014"]
[Site "Abu Dhabi UAE"]
[Date "2014.08.24"]
[Round "5.37"]
[White "Fouad, Mofleh"]
[Black "Khouri, Ibrahim Mohamed"]
[Result "1/2-1/2"]
[WhiteTitle "FM"]
[BlackTitle "FM"]
[WhiteElo "2128"]
[BlackElo "2225"]
[WhiteFideId "9400532"]
[BlackFideId "9301526"]
[EventDate "2014.08.20"]

1. e4 e5 2. Nf3 Nc6 3. Bb5 a6 4. Ba4 Nf6 5. Qe2 b5 6. Bb3 Bc5 7. c3 O-O 8. d3 h6
9. Be3 Bb6 10. Nbd2 d5 11. Nf1 d4 12. Bd2 a5 13. a4 dxc3 14. bxc3 b4 15. h3 bxc3
16. Bxc3 Ba6 17. Rd1 Nd4 18. Bxd4 Bxd4 19. Bc4 Qd7 20. Qc2 Rab8 1/2-1/2

[Event "21st Abu Dhabi Masters 2014"]
[Site "Abu Dhabi UAE"]
[Date "2014.08.24"]
[Round "5.38"]
[White "Siva, Mahadevan"]
[Black "Mayed, Al-Rashedi"]
[Result "1-0"]
[BlackTitle "FM"]
[WhiteElo "2173"]
[BlackElo "1859"]
[WhiteFideId "25043153"]
[BlackFideId "9303871"]
[EventDate "2014.08.20"]

1. e4 e5 2. Nf3 Nc6 3. Bb5 a6 4. Ba4 Nge7 5. O-O g6 6. c3 Bg7 7. d4 exd4 8. cxd4
b5 9. Bb3 O-O 10. Nc3 Na5 11. Bc2 d6 12. Bg5 h6 13. Bh4 g5 14. Bg3 f5 15. exf5
Bxf5 16. Re1 Nc4 17. b3 Nb6 18. Qe2 Bxc2 19. Qxc2 Nf5 20. Qe4 Qd7 21. Nd5 Nxd5
22. Qxd5+ Qf7 23. Qxf7+ Rxf7 24. Rad1 g4 25. Nh4 Nxg3 26. hxg3 c5 27. dxc5 dxc5
28. Ng6 Bd4 29. Nf4 a5 30. Re6 Kh7 31. Rb6 Rd8 32. Kf1 c4 33. Rxb5 c3 34. Rc1
Bg7 35. Rd5 Rb8 36. Rxa5 1-0

[Event "21st Abu Dhabi Masters 2014"]
[Site "Abu Dhabi UAE"]
[Date "2014.08.24"]
[Round "5.39"]
[White "Mohammed, Tarig Elther"]
[Black "Gadimbayli, Abdulla"]
[Result "1/2-1/2"]
[BlackTitle "FM"]
[WhiteElo "2052"]
[BlackElo "2162"]
[WhiteFideId "12200964"]
[BlackFideId "13404938"]
[EventDate "2014.08.20"]

1. e4 e6 2. d4 d5 3. e5 c5 4. c3 Nc6 5. Nf3 Bd7 6. a3 Nge7 7. b4 cxd4 8. cxd4
Nc8 9. Bd3 Be7 10. h4 h6 11. Nc3 Nb6 12. Qd2 a5 13. b5 Na7 14. Qf4 Rc8 15. Bd2
Nc4 16. Bxc4 Rxc4 17. a4 Bb4 18. Ne2 Qe7 19. O-O O-O 20. Rfc1 Rfc8 21. Rxc4 Rxc4
22. Be3 Nc8 23. Ng3 Qf8 24. Nh5 Ne7 25. g4 Bc3 26. Rc1 Ng6 27. Qg3 Qc8 28. g5
hxg5 29. Qxg5 Bb4 30. Rxc4 dxc4 31. Nxg7 Be7 32. Qh6 Qf8 33. Nh5 Qxh6 34. Bxh6
Nxh4 35. Nxh4 Bxh4 36. Nf6+ Bxf6 37. exf6 Kh7 38. Bd2 Kg6 39. Bxa5 Kxf6 40. Kg2
Kf5 41. Kf3 f6 1/2-1/2

[Event "21st Abu Dhabi Masters 2014"]
[Site "Abu Dhabi UAE"]
[Date "2014.08.24"]
[Round "5.40"]
[White "Marwan, Abdulwahab"]
[Black "Laabi Chian, Majid"]
[Result "0-1"]
[WhiteTitle "FM"]
[WhiteElo "2070"]
[BlackElo "2070"]
[WhiteFideId "9301410"]
[BlackFideId "12500224"]
[EventDate "2014.08.20"]

1. e4 d6 2. d4 Nf6 3. Nc3 g6 4. f4 Bg7 5. Nf3 O-O 6. e5 Nfd7 7. Be2 c5 8. exd6
exd6 9. dxc5 dxc5 10. O-O Nc6 11. Kh1 Nd4 12. Be3 Nb6 13. Qd2 Bf5 14. Bxd4 cxd4
15. Nb5 d3 16. cxd3 Qd7 17. Nc3 Rad8 18. Rad1 Rfe8 19. Rfe1 Bh6 20. Bf1 Qc7 21.
Rxe8+ Rxe8 22. g3 Rd8 23. Qe3 Bg7 24. Nb5 Qd7 25. Nc3 Qd6 26. Rd2 Bg4 27. Ne4
Qd5 28. h3 Bxf3+ 29. Qxf3 Qxa2 30. Nc5 Nc4 31. Rg2 Nxb2 32. Qxb7 Qa3 33. Qc7 Re8
34. Re2 Rxe2 35. Qc8+ Bf8 36. Bxe2 Qxc5 0-1

[Event "21st Abu Dhabi Masters 2014"]
[Site "Abu Dhabi UAE"]
[Date "2014.08.24"]
[Round "5.41"]
[White "Khouri, Ahmed Abbas"]
[Black "Villadelgado, Joemarie"]
[Result "0-1"]
[WhiteTitle "FM"]
[WhiteElo "2032"]
[BlackElo "2002"]
[WhiteFideId "9301518"]
[BlackFideId "5214009"]
[EventDate "2014.08.20"]

1. e4 e5 2. Nf3 Nc6 3. Bb5 a6 4. Ba4 b5 5. Bb3 d6 6. a4 b4 7. d4 Bb7 8. a5 exd4
9. Nxd4 Qe7 10. O-O Nxd4 11. Qxd4 c5 12. Qd1 O-O-O 13. Re1 Nh6 14. c3 Qh4 15.
Bxh6 gxh6 16. Bd5 Rd7 17. cxb4 Bg7 18. Nc3 Bd4 19. g3 Rg8 20. Ne2 Bxd5 21. exd5
Bxf2+ 22. Kxf2 Qxh2+ 23. Kf3 Qh3 24. Qd3 Kb7 25. bxc5 Re7 26. c6+ Kc7 27. Qd4
Kc8 28. Qh4 Qf5+ 29. Nf4 Re5 30. Rxe5 dxe5 31. Qh3 Rg4 32. Qxg4 e4+ 33. Ke3 Qxg4
34. Kxe4 Kc7 35. Ra3 Kd6 36. b4 f5+ 37. Kd4 Qd1+ 38. Rd3 Qe1 39. Re3 0-1

[Event "21st Abu Dhabi Masters 2014"]
[Site "Abu Dhabi UAE"]
[Date "2014.08.24"]
[Round "5.42"]
[White "Mansour, Abbas"]
[Black "Sultan, Ibrahim"]
[Result "0-1"]
[BlackTitle "FM"]
[WhiteElo "1913"]
[BlackElo "2023"]
[WhiteFideId "9301402"]
[BlackFideId "9301143"]
[EventDate "2014.08.20"]

1. e4 c5 2. Nf3 d6 3. d4 cxd4 4. Qxd4 Nc6 5. Bb5 Bd7 6. Bxc6 Bxc6 7. Nc3 Nf6 8.
Bg5 e6 9. O-O-O Be7 10. Kb1 O-O 11. h4 Qa5 12. Qd3 Rfc8 13. Nd4 Be8 14. f4 Bf8
15. Nb3 Qc7 16. f5 Ng4 17. Rdf1 h5 18. Qf3 exf5 19. Qxf5 g6 20. Qf3 Bg7 21. Bd2
Ne5 22. Qd1 Nc4 23. Nd5 Nxd2+ 24. Qxd2 Qd7 25. Nf6+ Bxf6 26. Rxf6 Qe7 27. Rf4
Bc6 28. Re1 Re8 29. Nd4 Qd8 30. Qc3 Rc8 31. Qb3 Rc7 32. Qg3 Rce7 33. Nf5 Rxe4
34. Rexe4 Rxe4 35. Nh6+ Kg7 36. Nxf7 Rxf4 37. Qxf4 Qf6 38. Qxf6+ Kxf6 39. Nxd6 0-1

[Event "21st Abu Dhabi Masters 2014"]
[Site "Abu Dhabi UAE"]
[Date "2014.08.24"]
[Round "5.43"]
[White "Al-Kaabi, Abdulla"]
[Black "Zayed, Ali Al-hamed"]
[Result "0-1"]
[WhiteElo "1991"]
[BlackElo "1983"]
[WhiteFideId "9300520"]
[BlackFideId "9303340"]
[EventDate "2014.08.20"]

1. d4 Nf6 2. c4 c5 3. d5 d6 4. Nc3 g6 5. e4 Bg7 6. Bd3 O-O 7. h3 a6 8. a4 e6 9.
Nge2 exd5 10. exd5 Nbd7 11. O-O Ne5 12. Bf4 Nfd7 13. Ng3 Qh4 14. Bxe5 Nxe5 15.
Nge4 Rd8 16. Be2 f5 17. Nd2 Rf8 18. Ra3 Bh6 19. Nf3 Nxf3+ 20. Bxf3 Bg7 21. Rb3
Rb8 22. Rb6 Bd4 23. Qd3 Re8 24. Bd1 Qf6 25. Qd2 f4 26. Ne2 f3 27. Nxd4 fxg2 28.
Re1 Rxe1+ 29. Qxe1 cxd4 30. c5 Bxh3 31. Rxd6 Qh4 32. Bf3 Rf8 33. Qe4 Qg5 34.
Bxg2 Bxg2 35. Qxg2 Qxg2+ 36. Kxg2 d3 37. Kf1 Re8 38. Re6 Rxe6 39. dxe6 Kf8 40.
Ke1 Ke7 41. Kd2 Kxe6 42. Kxd3 0-1

[Event "21st Abu Dhabi Masters 2014"]
[Site "Abu Dhabi UAE"]
[Date "2014.08.25"]
[Round "6.1"]
[White "Volkov, Sergey"]
[Black "Kryvoruchko, Yuriy"]
[Result "1/2-1/2"]
[WhiteTitle "GM"]
[BlackTitle "GM"]
[WhiteElo "2583"]
[BlackElo "2708"]
[WhiteFideId "4122763"]
[BlackFideId "14109182"]
[EventDate "2014.08.20"]

1. d4 Nf6 2. c4 e6 3. Nf3 b6 4. g3 Ba6 5. Qa4 Bb7 6. Bg2 c5 7. O-O cxd4 8. Nxd4
Bxg2 9. Kxg2 Qc8 10. Rd1 Be7 11. Nc3 Qb7+ 12. f3 a6 13. Bf4 O-O 14. Rd2 Rc8 15.
Rad1 Nc6 16. Nxc6 Rxc6 17. Bd6 b5 18. cxb5 axb5 19. Qb3 Bxd6 20. Rxd6 Rb8 21.
Rxc6 dxc6 22. Qb4 h6 23. Qd4 b4 24. Ne4 Nxe4 25. Qxe4 Qa6 26. Rd2 c5 27. b3 Rc8
28. g4 Qa5 29. Qd3 Qc7 30. h4 h5 31. gxh5 Qe5 32. Qd7 Rf8 33. Qe7 Qxh5 1/2-1/2

[Event "21st Abu Dhabi Masters 2014"]
[Site "Abu Dhabi UAE"]
[Date "2014.08.25"]
[Round "6.2"]
[White "Karthikeyan, Murali"]
[Black "Kuzubov, Yuriy"]
[Result "1-0"]
[WhiteTitle "IM"]
[BlackTitle "GM"]
[WhiteElo "2462"]
[BlackElo "2667"]
[WhiteFideId "5074452"]
[BlackFideId "14112906"]
[EventDate "2014.08.20"]

1. e4 c5 2. Nf3 Nc6 3. Nc3 g6 4. d4 cxd4 5. Nxd4 Bg7 6. Be3 Nf6 7. Bc4 Na5 8.
Be2 d6 9. f3 Bd7 10. Qd2 Rc8 11. O-O-O O-O 12. Kb1 a6 13. Nb3 Nxb3 14. cxb3 b5
15. Bd4 Rc6 16. h4 e5 17. Be3 Be6 18. g4 Qd7 19. Bh6 Rfc8 20. Bxg7 Kxg7 21. h5
b4 22. Na4 Qb7 23. Rh2 Kg8 24. Rdh1 a5 25. Qg5 Qc7 26. hxg6 fxg6 27. Ba6 Rxa6
28. Qxf6 d5 29. g5 Rc6 30. Qxg6+ Kf8 31. Qh6+ Ke7 32. g6 hxg6 33. Qd2 Bf7 34.
exd5 Rf6 35. Qg5 Qd6 36. Rd1 Bg8 37. Re2 Kf7 38. Rxe5 Qc7 39. Ree1 Qc2+ 40. Ka1
Qf5 41. Qe3 Kg7 42. Nb6 Rc2 43. Qd4 a4 44. Re7+ Bf7 45. Nd7 a3 46. Qxf6+ Qxf6
47. Nxf6 Kxf6 48. d6 g5 49. bxa3 bxa3 50. Rxf7+ 1-0

[Event "21st Abu Dhabi Masters 2014"]
[Site "Abu Dhabi UAE"]
[Date "2014.08.25"]
[Round "6.3"]
[White "Efimenko, Zahar"]
[Black "Rakhmanov, Aleksandr"]
[Result "1/2-1/2"]
[WhiteTitle "GM"]
[BlackTitle "GM"]
[WhiteElo "2641"]
[BlackElo "2626"]
[WhiteFideId "14107201"]
[BlackFideId "4173708"]
[EventDate "2014.08.20"]

1. e4 e6 2. d4 d5 3. e5 c5 4. c3 Nc6 5. Nf3 Qb6 6. Na3 cxd4 7. cxd4 Bxa3 8. bxa3
Nge7 9. Bd3 Qa5+ 10. Bd2 Qxa3 11. Qb1 Nf5 12. O-O h6 13. Rc1 O-O 14. Bb5 a5 15.
Rc3 Qe7 16. Bxc6 bxc6 17. Rxc6 Qa7 18. Qb2 Ba6 19. Rc5 Rfb8 20. Qc3 Bc4 21. g4
Ne7 22. Rxa5 Qxa5 23. Qxa5 Rxa5 24. Bxa5 Ra8 25. Bb6 Rxa2 26. Rxa2 Bxa2 27. Ne1
Bb1 28. f3 Nc6 29. Kf2 Kh7 30. h4 h5 31. Ng2 hxg4 32. fxg4 Be4 33. Nf4 Ne7 34.
Kg3 Bc2 35. Bc5 Nc6 36. h5 Na5 37. Bb4 1/2-1/2

[Event "21st Abu Dhabi Masters 2014"]
[Site "Abu Dhabi UAE"]
[Date "2014.08.25"]
[Round "6.4"]
[White "Vidit, Santosh Gujrathi"]
[Black "Gopal, G.N."]
[Result "1/2-1/2"]
[WhiteTitle "GM"]
[BlackTitle "GM"]
[WhiteElo "2602"]
[BlackElo "2558"]
[WhiteFideId "5029465"]
[BlackFideId "5015693"]
[EventDate "2014.08.20"]

1. d4 Nf6 2. c4 g6 3. Nc3 d5 4. Bg5 Ne4 5. Bh4 Nxc3 6. bxc3 dxc4 7. e3 Be6 8.
Be2 Nd7 9. Nf3 Bg7 10. O-O Nb6 11. a4 a5 12. Qc2 O-O 13. Rfb1 Qd7 14. Nd2 Bd5
15. e4 Bc6 16. Nxc4 Nxc4 17. Bxc4 Qg4 18. Bxe7 Bxe4 19. f3 Bxc2 20. fxg4 Bxb1
21. Bxf8 Rxf8 22. Rxb1 b6 23. Rf1 Bh6 24. Rf3 Kg7 25. Kf1 f5 26. gxf5 Rxf5 27.
Rxf5 gxf5 28. Ke2 Bg5 29. Kd3 Kf6 30. Bd5 h6 31. h3 Ke7 32. Bf3 Kd6 1/2-1/2

[Event "21st Abu Dhabi Masters 2014"]
[Site "Abu Dhabi UAE"]
[Date "2014.08.25"]
[Round "6.5"]
[White "Horvath, Adam1"]
[Black "Petrosian, Tigran L."]
[Result "1/2-1/2"]
[WhiteTitle "GM"]
[BlackTitle "GM"]
[WhiteElo "2536"]
[BlackElo "2641"]
[WhiteFideId "708003"]
[BlackFideId "13301616"]
[EventDate "2014.08.20"]

1. e4 d6 2. d4 g6 3. Nc3 Bg7 4. Be3 c6 5. Nf3 Nf6 6. h3 O-O 7. Bd3 Nbd7 8. Qd2
e5 9. O-O Re8 10. Rfe1 exd4 11. Nxd4 a6 12. Bg5 c5 13. Nf3 b5 14. a4 b4 15. Nd5
Bb7 16. Bc4 Rxe4 17. Bxf6 Nxf6 18. Rxe4 Nxe4 19. Qf4 Nf6 20. Ng5 Bxd5 21. Bxd5
Ra7 22. Bxf7+ Rxf7 23. Nxf7 Kxf7 24. Qc4+ d5 25. Qxa6 Ne4 26. Qb7+ Kf8 27. Rd1
Bd4 28. Rxd4 cxd4 29. Qxb4+ Qd6 30. Qxd4 Qc5 31. Qxc5+ Nxc5 32. a5 Ke7 33. b4
Ne6 34. a6 Kd6 35. a7 Nc7 36. f4 Kc6 37. g4 Kb7 38. Kf2 Kxa7 39. Ke3 Kb6 40. Kd4
Kc6 41. Ke5 Nb5 42. f5 gxf5 43. gxf5 d4 44. f6 Kd7 45. Kd5 Na3 46. Kxd4 Nxc2+
47. Kc5 Nxb4 1/2-1/2

[Event "21st Abu Dhabi Masters 2014"]
[Site "Abu Dhabi UAE"]
[Date "2014.08.25"]
[Round "6.6"]
[White "Gupta, Abhijeet"]
[Black "Parligras, Mircea-Emilian"]
[Result "1/2-1/2"]
[WhiteTitle "GM"]
[BlackTitle "GM"]
[WhiteElo "2638"]
[BlackElo "2574"]
[WhiteFideId "5010608"]
[BlackFideId "1204297"]
[EventDate "2014.08.20"]

1. d4 Nf6 2. c4 e6 3. Nf3 d5 4. Nc3 Bb4 5. Bg5 h6 6. Bxf6 Qxf6 7. e3 O-O 8. Rc1
dxc4 9. Bxc4 c5 10. O-O cxd4 11. Ne4 Qe7 12. Nxd4 Bd7 13. Bd3 Nc6 14. Nb3 Rfd8
15. a3 Ba5 16. Nd6 Be8 17. Nxe8 Qxe8 18. Nxa5 Nxa5 19. Qe2 Rac8 20. b4 Nc6 21.
Be4 Rd6 22. g3 Qd7 23. Qb5 a5 24. bxa5 Ra8 25. Bxc6 bxc6 26. Qb6 Rd3 27. a4 Rd6
28. Rc5 Rd5 29. Rb1 Rxc5 30. Qxc5 Qd5 31. Qc2 g6 32. Rd1 Qxa5 33. Qxc6 Kg7 34.
Rd4 Qe1+ 35. Kg2 Rb8 36. Rd3 Rb2 37. Qc3+ Qxc3 38. Rxc3 Ra2 39. Rc4 g5 40. h4
Kg6 41. Kf3 Ra3 42. hxg5 hxg5 43. Ke4 Ra2 44. f3 Ra3 45. g4 f5+ 46. Kd4 e5+ 47.
Kd5 Rxe3 48. Rc6+ Kf7 49. gxf5 Rxf3 50. Kxe5 Re3+ 51. Kd5 Ra3 52. Ra6 g4 53. Ke5
g3 54. Ra7+ Kg8 55. Kf6 g2 56. Rg7+ Kf8 57. Rxg2 Rxa4 58. Re2 Ra7 59. Re6 Rf7+
60. Kg5 Rg7+ 61. Rg6 Ra7 62. Rh6 Rg7+ 63. Kf4 Rg1 64. Rh7 Ra1 65. Kg5 Ra6 66.
Rh8+ Kf7 67. Rb8 Rc6 68. Rb7+ Kf8 69. Ra7 Rb6 70. Ra1 Kf7 71. Rd1 Ra6 72. Rd7+
Kf8 73. Kf4 Rb6 74. Ke5 Ra6 75. Rb7 Ra5+ 76. Kf4 Ra6 77. Kg5 Rc6 78. Rh7 Ra6 79.
Rh6 Rxh6 80. Kxh6 Kf7 81. Kg5 Kg7 82. f6+ Kf7 83. Kf5 Kf8 84. Kg6 Kg8 85. f7+
Kf8 86. Kf6 1/2-1/2

[Event "21st Abu Dhabi Masters 2014"]
[Site "Abu Dhabi UAE"]
[Date "2014.08.25"]
[Round "6.7"]
[White "Abasov, Nijat"]
[Black "Pashikian, Arman"]
[Result "1/2-1/2"]
[WhiteTitle "GM"]
[BlackTitle "GM"]
[WhiteElo "2527"]
[BlackElo "2631"]
[WhiteFideId "13402960"]
[BlackFideId "13301578"]
[EventDate "2014.08.20"]

1. e4 e5 2. Nf3 Nc6 3. Bb5 Nf6 4. d3 Bc5 5. O-O Nd4 6. Nxd4 Bxd4 7. c3 Bb6 8.
Na3 O-O 9. Bg5 h6 10. Bh4 g5 11. Bg3 d6 12. Nc4 Bg4 13. Qc2 Nh5 14. Nxb6 axb6
15. d4 Nf4 16. Bxf4 gxf4 17. f3 Be6 18. a3 c6 19. Ba4 exd4 20. cxd4 d5 21. Rad1
Qg5 22. Bb3 Rfe8 23. Rde1 Rad8 24. Qc3 b5 25. Bc2 Re7 26. Rf2 dxe4 27. fxe4 Red7
28. Rd1 Bg4 29. Rdd2 Bh5 30. e5 Bg6 31. Bb3 Kh7 32. Bc2 Rd5 33. Bb3 R5d7 34. Bc2
Rd5 35. Bb3 R5d7 1/2-1/2

[Event "21st Abu Dhabi Masters 2014"]
[Site "Abu Dhabi UAE"]
[Date "2014.08.25"]
[Round "6.8"]
[White "Ganguly, Surya Shekhar"]
[Black "Barnaure, Vlad-Victor"]
[Result "0-1"]
[WhiteTitle "GM"]
[BlackTitle "IM"]
[WhiteElo "2614"]
[BlackElo "2513"]
[WhiteFideId "5002150"]
[BlackFideId "1210610"]
[EventDate "2014.08.20"]

1. e4 c5 2. Nf3 Nc6 3. d4 cxd4 4. Nxd4 g6 5. Nc3 Bg7 6. Be3 Nf6 7. Bc4 O-O 8.
Bb3 d5 9. exd5 Na5 10. Qf3 Bg4 11. Qg3 Bh5 12. d6 exd6 13. O-O Nxb3 14. Nxb3 Re8
15. Bd4 Be2 16. Nxe2 Rxe2 17. Qd3 Re6 18. f4 Ne8 19. f5 Bxd4+ 20. Nxd4 Rf6 21.
Rf2 Ng7 22. Raf1 gxf5 23. Nxf5 Rxf5 24. Rxf5 Nxf5 25. Qxf5 Qb6+ 26. Rf2 Qxb2 27.
Qxf7+ Kh8 28. h3 Rg8 29. Re2 Qd4+ 30. Kh2 Qh4 31. Kh1 Qg5 32. Qf2 b6 33. Qd4+
Qg7 34. Qxd6 Qa1+ 35. Kh2 Qg7 36. a4 h6 37. c3 Qg5 38. Qd4+ Rg7 39. Re8+ Kh7 40.
Qe4+ Qg6 41. Qe2 Qg3+ 42. Kh1 Qg5 43. Re3 Qg6 44. Re7 Qb1+ 45. Kh2 Qg6 46. Rxg7+
Kxg7 47. Qg4 Qxg4 48. hxg4 Kf6 49. Kh3 a5 50. Kh4 b5 51. axb5 Ke7 0-1

[Event "21st Abu Dhabi Masters 2014"]
[Site "Abu Dhabi UAE"]
[Date "2014.08.25"]
[Round "6.9"]
[White "Neverov, Valeriy"]
[Black "Burmakin, Vladimir"]
[Result "1/2-1/2"]
[WhiteTitle "GM"]
[BlackTitle "GM"]
[WhiteElo "2498"]
[BlackElo "2593"]
[WhiteFideId "14100150"]
[BlackFideId "4105109"]
[EventDate "2014.08.20"]

1. c4 c6 2. d4 Nf6 3. Nc3 d5 4. cxd5 cxd5 5. Bf4 Nc6 6. e3 Bf5 7. Qb3 Na5 8.
Bb5+ Bd7 9. Qa4 Nc6 10. Nf3 a6 11. Bxc6 Bxc6 12. Qb3 Nh5 13. Bg3 Nxg3 14. hxg3
e6 15. Ne5 Bd6 16. Nxc6 bxc6 17. Qb7 Qc8 18. Qxc8+ Rxc8 19. Na4 Rb8 20. Rc1 Kd7
21. Ke2 h5 22. b3 g6 23. Nc5+ Bxc5 24. Rxc5 Rb5 25. Rhc1 Rxc5 26. Rxc5 Kc7 27.
Rc1 Kd6 28. Rc5 Kc7 29. Rc1 Kd6 30. Rc5 Kc7 1/2-1/2

[Event "21st Abu Dhabi Masters 2014"]
[Site "Abu Dhabi UAE"]
[Date "2014.08.25"]
[Round "6.10"]
[White "Bajarani, Ulvi"]
[Black "Iordachescu, Viorel"]
[Result "1/2-1/2"]
[WhiteTitle "GM"]
[BlackTitle "GM"]
[WhiteElo "2483"]
[BlackElo "2589"]
[WhiteFideId "13403028"]
[BlackFideId "13900200"]
[EventDate "2014.08.20"]

1. e4 e5 2. Nf3 Nc6 3. Bb5 a6 4. Ba4 Nf6 5. O-O Be7 6. Re1 b5 7. Bb3 d6 8. c3
O-O 9. d4 Bg4 10. Be3 Bh5 11. a4 b4 12. Nbd2 bxc3 13. bxc3 exd4 14. cxd4 Nb4 15.
h3 d5 16. e5 Ne4 17. g4 Bg6 18. Nxe4 dxe4 19. Nd2 Nd3 20. Rf1 c5 21. dxc5 Bxc5
22. Qe2 Bxe3 23. Qxe3 Rb8 24. f4 exf3 25. Rxf3 Re8 26. Bxf7+ Bxf7 27. Qxd3 Rxe5
28. Qxd8+ Rxd8 29. Raf1 Be6 30. Rf4 h6 31. Re4 Rxe4 32. Nxe4 Rc8 33. Re1 Bd7 34.
a5 Re8 35. Kf2 Re5 36. Ng3 Rxa5 37. Re7 Ra2+ 38. Ke1 Ra1+ 39. Kf2 Bb5 40. Nf5
Kf8 41. Ra7 Rd1 42. Nxg7 Rd7 43. Ne6+ Ke7 44. Rxd7+ Kxd7 45. g5 Kxe6 46. gxh6
Bd3 1/2-1/2

[Event "21st Abu Dhabi Masters 2014"]
[Site "Abu Dhabi UAE"]
[Date "2014.08.25"]
[Round "6.11"]
[White "Istratescu, Andrei"]
[Black "Grover, Sahaj"]
[Result "1-0"]
[WhiteTitle "GM"]
[BlackTitle "GM"]
[WhiteElo "2656"]
[BlackElo "2492"]
[WhiteFideId "1200372"]
[BlackFideId "5021103"]
[EventDate "2014.08.20"]

1. e4 e5 2. Nf3 Nc6 3. Bb5 a6 4. Ba4 Nge7 5. Nc3 d6 6. a3 Bd7 7. Bb3 h6 8. d4
Nxd4 9. Nxd4 exd4 10. Qxd4 Be6 11. Nd5 b5 12. c4 c6 13. Nf4 c5 14. Qc3 Nc6 15.
Nxe6 fxe6 16. cxb5 Nd4 17. Be3 Nxb3 18. Qxb3 Kf7 19. O-O Rb8 20. a4 axb5 21.
axb5 Qb6 22. Bd2 Qxb5 23. Ra7+ Be7 24. Qf3+ Ke8 25. Qg4 Rb7 26. Ra8+ Rb8 27.
Qxg7 1-0

[Event "21st Abu Dhabi Masters 2014"]
[Site "Abu Dhabi UAE"]
[Date "2014.08.25"]
[Round "6.12"]
[White "Shyam, Nikil P."]
[Black "Wang, Hao"]
[Result "0-1"]
[WhiteTitle "IM"]
[BlackTitle "GM"]
[WhiteElo "2469"]
[BlackElo "2730"]
[WhiteFideId "5024218"]
[BlackFideId "8602883"]
[EventDate "2014.08.20"]

1. e4 c5 2. Nc3 g6 3. g3 Nc6 4. Bg2 Bg7 5. d3 d6 6. Be3 Nf6 7. h3 Rb8 8. Nge2 b5
9. Qd2 O-O 10. O-O b4 11. Nd1 Ba6 12. f4 Nd7 13. h4 c4 14. d4 c3 15. bxc3 Nb6
16. Bf2 d5 17. e5 Nc4 18. Qc1 e6 19. Re1 h5 20. cxb4 Nxb4 21. a3 Nc6 22. Ne3 Qa5
23. Nxc4 Bxc4 24. Bf1 Ne7 25. Rd1 Rfc8 26. Qd2 Qa6 27. c3 Bf8 28. Nc1 Bxf1 29.
Rxf1 Qc4 30. Nd3 Nf5 31. Rfc1 Rb3 32. a4 Ba3 33. Rc2 Rxc3 34. Rxc3 Qxc3 35. Rd1
Qb3 0-1

[Event "21st Abu Dhabi Masters 2014"]
[Site "Abu Dhabi UAE"]
[Date "2014.08.25"]
[Round "6.13"]
[White "Sunilduth Lyna, Narayanan"]
[Black "Areshchenko, Alexander"]
[Result "0-1"]
[BlackTitle "GM"]
[WhiteElo "2414"]
[BlackElo "2684"]
[WhiteFideId "5058422"]
[BlackFideId "14109530"]
[EventDate "2014.08.20"]

1. d4 Nf6 2. c4 g6 3. Nf3 Bg7 4. g3 c6 5. Bg2 d5 6. cxd5 cxd5 7. Ne5 Nfd7 8.
Nxd7 Qxd7 9. Nc3 e6 10. e4 dxe4 11. Nxe4 O-O 12. Bh6 Nc6 13. O-O Qxd4 14. Qxd4
Nxd4 15. Bxg7 Kxg7 16. f4 Nc2 17. Rac1 Ne3 18. Rf3 Nxg2 19. Rc7 Nxf4 20. gxf4
Rd8 21. Ng5 h6 22. Rxf7+ Kg8 23. Rh3 Rd5 24. Re7 hxg5 25. Rhh7 Rf5 26. fxg5
Rxg5+ 27. Kf2 Rf5+ 28. Ke3 a5 29. a4 g5 30. Ke4 Rb8 31. h3 Kf8 32. Rc7 Ke8 33.
Rce7+ Kd8 34. Reg7 Rf8 35. Rxg5 Bd7 36. Rgg7 Bxa4 37. Ke5 Bc6 38. h4 a4 39. h5
Ra8 40. h6 Ra5+ 41. Kxe6 Rh5 42. Rg6 Be4 43. Rd7+ Kc8 0-1